BLACKPINK A-Z - Statistics

General Stats
  • This quiz has been taken 100 times
  • The average score is 11 of 15
Answer Stats
Letter Song % Correct
B Boombayah / Bet you wanna
94%
A As if it's your last
89%
K Kill this love / Kick it
86%
H Hope not / How you like that / Hard to love
85%
P Playing with fire / Pretty savage / Pink venom
85%
L Lovesick girls / Love to hate me
83%
S Stay / See u later / Sour candy / Shut down
80%
D DDU-DU DDU-DU / Don't know what to do
77%
T Typa girl / The happiest girl / Tally / The girls
72%
W Whistle
69%
I Ice cream
68%
C Crazy over you
62%
Y You never know / Yeah yeah yeah
62%
R Really / Ready for love
61%
F Forever young
59%
No matching quizzes found
Score Distribution
Percent of People with Each Score
Percentile by Number Answered
Your Score History
You have not taken this quiz